00394nam a2200169Ia 4500008004000000020001800040041000800058082001600066100002100082245002800103260004500131300001100176650001000187650000900197650001000206650000800216210210b2019 xxu||||| |||| 00| 0 eng d a9788129112132 aeng a820.33 BONA aBOND (Ruskin) Ed aAll roads lead to ganga aNew DelhibRupa Publications Indiac2019 aiv,121 aroads alead aganga aAll